| 000 | 00559nam a22001577a 4500 | ||
|---|---|---|---|
| 005 | 20120518161454.0 | ||
| 020 |
_a0195652134 _c245.00 |
||
| 035 | _aB-29892 | ||
| 037 |
_aDPL _bENG |
||
| 245 |
_aTrade and industrialization / _cedited by Deepak Nayyar |
||
| 260 |
_aNew Delhi _bOxford University Press _c2000 |
||
| 300 |
_axiv, 326p. _c20 cms. |
||
| 700 |
_aNayyar, Deepak _947393 |
||
| 942 |
_2ddc _cEN _h338.954 _mTRA |
||
| 999 |
_c66872 _d66872 |
||